000 00324nam a2200133Ia 4500
008 210210b1948 xxu||||| |||| 00| 0 eng d
082 _a310/200
100 _a-
245 _aStudents in social work.
260 _aBombay
_bBureau of Research and Publications
_c1948
300 _a66
690 _aSociology
906 _a001700
999 _c77821
_d77821